| 000 | 00568nam a22001577a 4500 | ||
|---|---|---|---|
| 999 |
_c535726 _d535726 |
||
| 020 | _qHard Cover. | ||
| 082 | _a621.3 | ||
| 100 | _aZaman,Anum | ||
| 245 |
_aPERFORMANCE ANALYSIS OF DIFFERENT ROUTING PROTOCOLS FOR REAL TIME AND NON-REAL TIME TRAFFIC IN WIRELESS AD HOC NETWORKS / _cAnum Zaman. |
||
| 260 |
_aIslamabad : _bPNEC - NUST, _c2014. |
||
| 300 |
_axvi, 99 p. : ill. ; _c30cm. |
||
| 942 |
_2ddc _cTHE |
||
| 650 |
_aElectrical Engineering MS-Thesis. _916073 |
||
| 700 |
_aDr. Sameer Hashmat Qazi. _930019 |
||